<?xml version='1.0' encoding='UTF-8'?>
  <record xmlns="http://www.loc.gov/MARC21/slim">
    <leader>00000cem a2200000 i 4500</leader>
    <controlfield tag="001">ocn980374685</controlfield>
    <controlfield tag="003">OCoLC</controlfield>
    <controlfield tag="005">20241228195711.6</controlfield>
    <controlfield tag="008">980401s1594    ne        u     0   lat d</controlfield>
    <datafield tag="040" ind1=" " ind2=" ">
      <subfield code="a">QGJ</subfield>
      <subfield code="b">dut</subfield>
      <subfield code="c">QGJ</subfield>
      <subfield code="d">OCLCO</subfield>
      <subfield code="d">QGJ</subfield>
      <subfield code="d">OCLCL</subfield>
      <subfield code="d">OCLCQ</subfield>
    </datafield>
    <datafield tag="035" ind1=" " ind2=" ">
      <subfield code="a">(OCoLC)980374685</subfield>
    </datafield>
    <datafield tag="084" ind1=" " ind2=" ">
      <subfield code="a">74.19</subfield>
      <subfield code="2">bcl</subfield>
    </datafield>
    <datafield tag="245" ind1="0" ind2="0">
      <subfield code="a">Europam ab Asia &amp; Africa segregant Mare mediterraneum, Euxinus Pontus (nunc Mare Majus) Palus Meotides, Fluminaque Tanais et Duina, continet celeberrimas regiones, Germaniam, Italiam, Galliam, Hispaniam, Daniam, Norvegiam, Suediam, Moscoviam, vel potius Rußiam, Poloniam, cum Lituania, Hungariam, Illiricum et Graeciam /</subfield>
      <subfield code="c">[Petrus Plancius] ; Baptista á Doetechum fecit.</subfield>
    </datafield>
    <datafield tag="246" ind1="1" ind2=" ">
      <subfield code="a">Europam ab Asia et Africa segregant Mare mediterraneum, Euxinus Pontus (nunc Mare Majus) Palus Meotides, Fluminaque Tanais et Duina ...</subfield>
    </datafield>
    <datafield tag="264" ind1=" " ind2="1">
      <subfield code="a">[Amsterdam] :</subfield>
      <subfield code="b">[Cornelis Claesz.?],</subfield>
      <subfield code="c">[1594]</subfield>
    </datafield>
    <datafield tag="300" ind1=" " ind2=" ">
      <subfield code="a">1 krt. :</subfield>
      <subfield code="b">kopergrav. ;</subfield>
      <subfield code="c">38 x 53 cm</subfield>
    </datafield>
    <datafield tag="336" ind1=" " ind2=" ">
      <subfield code="a">cartografische afbeelding</subfield>
      <subfield code="b">cri</subfield>
      <subfield code="2">rdacontent/dut</subfield>
    </datafield>
    <datafield tag="337" ind1=" " ind2=" ">
      <subfield code="a">zonder medium</subfield>
      <subfield code="b">n</subfield>
      <subfield code="2">rdamedia/dut</subfield>
    </datafield>
    <datafield tag="338" ind1=" " ind2=" ">
      <subfield code="a">vel</subfield>
      <subfield code="b">nb</subfield>
      <subfield code="2">rdacarrier/dut</subfield>
    </datafield>
    <datafield tag="500" ind1=" " ind2=" ">
      <subfield code="a">Titel in typografische tekst geplakt in cartouche links onder.</subfield>
    </datafield>
    <datafield tag="500" ind1=" " ind2=" ">
      <subfield code="a">Zie: 'Toonneel des Aerdrijcx', nr. 14; l’Honoré Naber, S.P., 'Reizen van Willem Barents, Jacob van Heemskerck, Jan Cornelisz Rijp en anderen naar het noorden (1594-1597)', 2de deel (Werken van de Linschoten-Vereeniging XV), ‘s-Gravenhage, 1917; Keuning, J., 'Petrus Plancius, theoloog en geograaf 1552-1622'. Amsterdam, 1946.</subfield>
    </datafield>
    <datafield tag="500" ind1=" " ind2=" ">
      <subfield code="a">Inzet: Descriptio Novae Zemblae, ad quam penitius cognoscendam, mense Iulio proximè elapso presentis anni 1594 ... (7 x 7 cm; titel in typografische tekst in cartouche geplakt rechts boven).</subfield>
    </datafield>
    <datafield tag="510" ind1="0" ind2=" ">
      <subfield code="a">Wieder, Monumenta cartographica, 2, p. 38, nr. 35</subfield>
    </datafield>
    <datafield tag="651" ind1=" " ind2="7">
      <subfield code="a">Europa (geografie)</subfield>
      <subfield code="0">(NL-LeOCL)078500982.</subfield>
      <subfield code="2">gtt</subfield>
    </datafield>
    <datafield tag="651" ind1=" " ind2="7">
      <subfield code="a">Middellandse-Zeegebied.</subfield>
      <subfield code="0">(NL-LeOCL)078590760.</subfield>
      <subfield code="2">gtt</subfield>
    </datafield>
    <datafield tag="700" ind1="1" ind2=" ">
      <subfield code="a">Doetecum, Baptista van,</subfield>
      <subfield code="d">1570-1611.</subfield>
      <subfield code="1">https://id.oclc.org/worldcat/entity/E39PBJmDfW3Q44bqVc6mKGDDv3</subfield>
    </datafield>
    <datafield tag="700" ind1="1" ind2=" ">
      <subfield code="a">Plancius, Petrus,</subfield>
      <subfield code="d">1552-1622.</subfield>
      <subfield code="1">https://id.oclc.org/worldcat/entity/E39PBJwmX8HXQwxDbTdkFvPhHC</subfield>
    </datafield>
    <datafield tag="740" ind1="0" ind2=" ">
      <subfield code="a">Descriptio Novae Zemblae, ad quam penitius cognoscendam, mense Iulio proximè elapso presentis anni 1594</subfield>
    </datafield>
    <datafield tag="856" ind1="4" ind2="1">
      <subfield code="u">http://objects.library.uu.nl/reader/resolver.php?obj=002221360&amp;type=2</subfield>
      <subfield code="x">Online</subfield>
      <subfield code="z">Full text</subfield>
    </datafield>
    <datafield tag="936" ind1=" " ind2=" ">
      <subfield code="a">BATCHLOAD</subfield>
    </datafield>
  </record>